Представление документа в формате MARC21

Поле Инд. ПП Название Значение
Тип записи a
Библиографический уровень m
001 Контрольный номер a9475dd0-2591-4ca9-aa6d-f7a747929b4b
005 Дата корректировки 20211129111115.4
008 Кодируемые данные 990309 d
020 c Цена, тираж 13732.00
080 a Индекс УДК 8
084 a Индекс другой классификации/Индекс ББК Ш402.3
a Индекс другой классификации/Индекс ББК Ш5(0)
090 a Полочн. индекс 8
x Авторский знак Ц 32
c Каталожный индекс Ш402.3 + Ш5(0)
100 1_ a Автор Цейтлин Александр Григорьевич
e Роль лиц Автор
245 10 a Заглавие Труд писателя
b Продолж. заглавия вопросы психологии творчества, культуры и техники писательского труда
c Ответственность А. Г. Цейтлин
260 0_ a Место издания Москва
b Издательство Советский писатель
c Дата издания 1968
300 a Объем 562,[1] с., [1] л. портр.
500 a Примечание Библиогр.: с.546-559.
520 0_ a Аннотация Книга рассказывает о специфике писательского труда. Автор ставит своей задачей выяснить общие закономерности труда писателя, социальные и психологические условия и предпосылки творчества, рассмотреть все этапы писательской работы - от первоначальных впечатлений и замысла до окончательного текста произведения. В книге правомерно исследуются и проблемы психологии творчества, воспитания писателя, его подготовленности к литературной работе, и проблемы собственно писательского труда. Автор привлекает огромный материал как по литературе XIX века, русской и западной, так и по советской литературе, сводит воедино и анализирует малоизвестные высказывания писателей о своем труде, оснащает книгу примерами из творческого опыта отдельных писателей, с профессиональной тонкостью анализирует творческий процесс создания художественного произведения.
653 0_ a Ключевые слова Зарубежная литература
a Ключевые слова Русская литература
a Ключевые слова 19 в.
a Ключевые слова 20 в.
a Ключевые слова Труд писателя
a Ключевые слова Творчество писателя
a Ключевые слова Литературное творчество
a Ключевые слова Психология творчества
a Ключевые слова Психология творчества писателя
a Ключевые слова Мастерство писателя
852 41 i Расстановочный признак Проверка 2021
901 t Тип документа m
920 a Оператор Бочк
a Оператор Семен
a Оператор Лиси
930 a Новая/Ретро Перешифровка
952 c Вид литературы К рн
954 e Дата перешифровки 20211007
a Дата поступления на обработку 20211129